书目信息 |
| 题名: |
社会主义核心价值观成语故事读本
|
|
| 作者: | 王静 主编 ;陈瑞娟 编著 | |
| 分册: | 法治 | |
| 出版信息: | 呼和浩特 内蒙古人民出版社 2019.3 |
|
| 页数: | 202页 | |
| 开本: | 24cm | |
| 丛书名: | ||
| 单 册: | ||
| 中图分类: | D616-49 , H136.31-49 , I247.81 | |
| 科图分类: | ||
| 主题词: | 成语--cheng yu--故事--作品集--中国 | |
| 电子资源: | ||
| ISBN: | 978-7-204-15885-0 | |
| 000 | 01373nam0 2200277 450 | |
| 001 | 2156262933 | |
| 005 | 20211011172911.0 | |
| 010 | @a978-7-204-15885-0@dCNY39.00 | |
| 100 | @a20200603d2019 em y0chiy0120 ea | |
| 101 | 0 | @achi |
| 102 | @aCN@b150000 | |
| 105 | @aa z 000fy | |
| 106 | @ar | |
| 200 | 1 | @a社会主义核心价值观成语故事读本@Ashe hui zhu yi he xin jia zhi guan cheng yu gu shi du ben@i法治@f王静主编@g陈瑞娟编著 |
| 210 | @a呼和浩特@c内蒙古人民出版社@d2019.3 | |
| 215 | @a202页@c图@d24cm | |
| 330 | @a本书是《社会主义核心价值观成语故事读本·法治篇》。为丰富少年儿童的成语知识,提高他们的政治素养和阅读理解水平,我们从人们日常使用的大量成语中精选出部分经典成语,拟编写一套《社会主义核心价值观成语故事读本》。书中围绕社会主义核心价值观——富强、民主、文明、和谐、自由、平等、公正、法治、爱国、敬业、诚信、友善二十四字方针,分为十二个分册,根据中小学生的特点而编写。精选一些具有经典性、哲理性、时代性、实用性、趣味性等特点的成语,每则成语故事内容深入浅出、生动有趣、通俗易懂,读后耐人寻味、启迪智慧。使学生逐步认识、理解、践行社会主义核心价值观。 | |
| 517 | 1 | @a法治@Afa zhi |
| 606 | 0 | @a成语@Acheng yu@x故事@x作品集@y中国 |
| 690 | @aD616-49@v5 | |
| 690 | @aH136.31-49@v5 | |
| 690 | @aI247.81@v5 | |
| 701 | 0 | @a王静@Awang jing@4主编 |
| 702 | 0 | @a陈瑞娟@Achen rui juan@4编著 |
| 801 | 0 | @aCN@b百万庄@c20211006 |
| 905 | @b1305234-37@dD616-49@e302@f4 | |
| 社会主义核心价值观成语故事读本.法治/王静主编/陈瑞娟编著.-呼和浩特:内蒙古人民出版社,2019.3 |
| 202页:图;24cm |
| ISBN 978-7-204-15885-0:CNY39.00 |
| 本书是《社会主义核心价值观成语故事读本·法治篇》。为丰富少年儿童的成语知识,提高他们的政治素养和阅读理解水平,我们从人们日常使用的大量成语中精选出部分经典成语,拟编写一套《社会主义核心价值观成语故事读本》。书中围绕社会主义核心价值观——富强、民主、文明、和谐、自由、平等、公正、法治、爱国、敬业、诚信、友善二十四字方针,分为十二个分册,根据中小学生的特点而编写。精选一些具有经典性、哲理性、时代性、实用性、趣味性等特点的成语,每则成语故事内容深入浅出、生动有趣、通俗易懂,读后耐人寻味、启迪智慧。使学生逐步认识、理解、践行社会主义核心价值观。 |
| ● |
| 相关链接 |
|
|
|
|
正题名:社会主义核心价值观成语故事读本
索取号:D616-49/302
 
预约/预借
| 序号 | 登录号 | 条形码 | 馆藏地/架位号 | 状态 | 备注 |
| 1 | 1305234 | 213052346 | 第一样本阅览室/ [索取号:D616-49/302] | 在馆 | |
| 2 | 1305235 | 213052355 | 第一借阅区/ [索取号:D616-49/302] | 在馆 | |
| 3 | 1305236 | 213052364 | 第一借阅区/ [索取号:D616-49/302] | 在馆 | |
| 4 | 1305237 | 213052373 | 第一借阅区/ [索取号:D616-49/302] | 在馆 |